00637nam a2200169Ia 4500008004100000082001500041100004100056245011500097260003900212300001500251520001100266650002800277700002800305942001300333999001900346952010200365230907s9999||||xx |||||||||||||| ||und|| a621.3bRAB aRabbaya Akhtar (00000277910)9116733 0aReal Time Optimal Decentralized Voltage Regulation Scheme of Active Distribution Networks on Per Phase Basis / aUSPCAS-E, NUST,bIslamabad :c2022 axii, 56 p. aTH-401 aMS-EEP Thesis MS Thesis aDr Kashif Imran9117108 cTHE2ddc c602079d602079 00102ddc4070aCAS-EbCAS-Ed2022-08-29o621.3 RABpCAS-ETH0000401r2023-09-12w2023-09-12yTHE